000 00546nam a2200193Ia 4500
003 OSt
005 20240416103242.0
008 210210b1976 xxu||||| |||| 00| 0 eng d
040 _aAL
_c
041 _aHindi
082 _aH891.8 REDA
100 _aREDDI (Balshauri).
_916901
_dबालशौरि रेड्डी
245 _aAdarsh jivaniyan
_bआदर्श जीवनियां
260 _aMadras
_bBi Vi Es Pablikeshans
_c1976
300 _a137
690 _aHindi Miscellaneous
_916902
906 _a032141
942 _2ddc
_cBK
999 _c83125
_d83125